=LDR 00000nam 2200000 4500 =001 INLIS000000000029167 =005 20200526085506 =035 ##$$a 0010-061300000029167 =008 200526################g##########0#ind## =041 ##$$a Ind =082 ##$$a 2x4.1 =090 ##$$a 2x4.1, Sen m =100 ##$$a Senali, M. Syaifullah Al Aziz =245 1#$$a Muhammad SAW sang Rasul : $b Rangkuman kehidupan Nabi Muhammad SAW serta jejak kebersihan beliau dalam menyebarkan islam juga ramalan Beliau tentang hari kiamat dan pesan-pesannya pada umatnya /$c M. Saifullah Al Aziz Senali =260 ##$$a Surabaya :$b Putra Pelajar,$c 2001 =300 ##$$a 376 hlm. ; $c 15x23 cm. =650 #4$$a Nabi Muhammad =850 ##$$a NBPNMAT =084 ##$$a 2x4.1 SEN m =990 ##$$a 20800287 =990 ##$$a 20800288 =990 ##$$a 20800285 =990 ##$$a 20800285 =990 ##$$a 20800287 =990 ##$$a 20800288